000 00598nam a2200241Ia 4500
003 OSt
005 20220924152307.0
006 a|||||r|||| 00| 0
007 ta
008 220923b |||||||| |||| 00| 0 mar d
020 _c2.00
024 _a341834
037 _cTextual
040 _aARTS
_cARTS
_bmar
041 _2mar
_amar
082 _aO155,3NGA,1, K3
100 _aGangal
_9226334
245 0 _aAngushthimalchya rajyant
260 _c1963
650 _aMARATHI LITERATURE
_938000
942 _hO155,3NGA,1, K3
_cTEXL
_2CC
999 _c469375
_d469375